[Event "Zaragoza Province-ch Primera"]
[Site "Zaragoza"]
[Date "2015.11.01"]
[Round "5"]
[White "Budria Gimenez, Daniel"]
[Black "Teresa Moya, Alejandro"]
[Result "0-1"]
[WhiteElo "1681"]
[BlackElo "1751"]
[PlyCount "138"]
[EventDate "2015.09.27"]
[EventType "swiss"]
[EventRounds "6"]
[EventCountry "ESP"]
[SourceTitle "CBM 170 Extra"]
[Source "ChessBase"]
[SourceDate "2016.02.25"]
[SourceVersion "1"]
[SourceVersionDate "2016.02.25"]
[SourceQuality "1"]

1. d4 c5 2. Nf3 e6 3. c4 Nf6 4. g3 Nc6 5. Bg2 Be7 6. 0-0 0-0 7. Nc3 d6 8. d5 exd5 9. cxd5 Ne5 10. Nxe5 dxe5 11. f4 Bd6 12. e4 Rb8 13. Nb5 Ra8 14. f5 c4 15. Nxd6 Qxd6 16. Be3 b5 17. Rc1 Bd7 18. b4 a5 19. Bc5 Qc7 20. Bxf8 Kxf8 21. Qd2 Qb6+ 22. Kh1 a4 23. Bf3 Qd6 24. a3 Rc8 25. g4 Kg8 26. g5 Ne8 27. Rc3 f6 28. Rg1 Kh8 29. Qg2 fxg5 30. Qxg5 Qf6 31. Qg2 Nd6 32. Bh5 Be8 33. Rg3 Rc7 34. Bxe8 Nxe8 35. Qh3 Kg8 36. Qh5 Qf7 37. Qh4 Qf6 38. Qxf6 Nxf6 39. Re1 Rd7 40. Kg2 Kf7 41. Kf3 Kg8 42. Rg2 Ne8 43. Rc2 Nd6 44. Rg1 Rf7 45. Re2 Kh8 46. Ke3 Kg8 47. Rf2 Rf6 48. Rfg2 Rf7 49. f6 g6 50. Rf2 Ne8 51. Rgf1 Nd6 52. h4 h6 53. Rg1 Kh7 54. Rgf1 Kg8 55. Rf3 Kh8 56. h5 g5 57. Rf5 Nxf5+ 58. Rxf5 Kg8 59. Rxe5 Rxf6 60. Kd4 g4 61. Kc5 g3 62. d6 g2 63. Rd5 g1Q+ 64. Kxb5 c3 65. e5 Rf8 66. d7 Qf1+ 67. Kc6 Qa6+ 68. Kc5 c2 69. d8Q c1Q+ 0-1